Planning elephant traps (Record no. 77208)
[ view plain ]
| 000 -LEADER | |
|---|---|
| fixed length control field | 01524cab a2200241 4500 |
| 001 - CONTROL NUMBER | |
| control field | ##L133792 |
| 008 - FIXED-LENGTH DATA ELEMENTS--GENERAL INFORMATION | |
| fixed length control field | 060609n2006 000 0 eng u |
| 035 ## - SYSTEM CONTROL NUMBER | |
| System control number | (Sirsi) u133792 |
| 041 0# - LANGUAGE CODE | |
| Language code of text/sound track or separate title | eng |
| 100 1# - MAIN ENTRY--PERSONAL NAME | |
| Personal name | Thornton, Justine |
| 245 00 - TITLE STATEMENT | |
| Title | Planning elephant traps |
| 260 ## - PUBLICATION, DISTRIBUTION, ETC. | |
| Date of publication, distribution, etc. | 2006 |
| 490 #0 - SERIES STATEMENT | |
| Series statement | New Law Journal |
| Volume/sequential designation | 156(7228) 9 June 2006, 933-934(2) |
| 520 ## - SUMMARY, ETC. | |
| Summary, etc. | Considers the decisions in "Commission of the European Communities v United Kingdom" (ECJ C508/3, unreported) and "R v Bromley LBC ex p Barker" ([2006] EUECJ C-290/03, L133750). The ECJ decided that development consent must be given uniform interpretation throughout the EU, and that, where there is a multi-stage development consent, a planning authority can be required to carry out an environmental impact assessment at the reserved matters stage, even when no assessment was required on the outline planning application. It would be appropriate to carry out an assessment when it was clear that the project might have significant effects on the environment. Developers and planning authorities must now be prepared to carry out such an assessment at second stage. |
| 650 24 - SUBJECT ADDED ENTRY--TOPICAL TERM | |
| Topical term or geographic name entry element | EUROPEAN COMMISSION V UNITED KINGDOM |
| 650 24 - SUBJECT ADDED ENTRY--TOPICAL TERM | |
| Topical term or geographic name entry element | R V BROMLEY LBC EX P BARKER |
| 650 24 - SUBJECT ADDED ENTRY--TOPICAL TERM | |
| Topical term or geographic name entry element | R V SOS TRANSPORT EX P WELLS |
| 650 24 - SUBJECT ADDED ENTRY--TOPICAL TERM | |
| Topical term or geographic name entry element | DIRECTIVE 85/337/EEC |
| 651 #4 - SUBJECT ADDED ENTRY--GEOGRAPHIC NAME | |
| Geographic name | United Kingdom |
| Chronological subdivision | |
| 690 ## - LOCAL SUBJECT ADDED ENTRY--TOPICAL TERM (OCLC, RLIN) | |
| Topical term or geographic name as entry element | ENVIRONMENTAL AND LAND CONSULTANCY-ENVIRONMENTAL MANAGEMENT-ENVIRONMENTAL ASSESSMENT-ENVIRONMENTAL IMPACT ASSESSMENT |
| 700 1# - ADDED ENTRY--PERSONAL NAME | |
| Personal name | Harwood, Richard |
| 942 ## - ADDED ENTRY ELEMENTS (KOHA) | |
| Suppress in OPAC | 0 |
| Withdrawn status | Lost status | Source of classification or shelving scheme | Damaged status | Not for loan | Home library | Current library | Shelving location | Date acquired | Total Checkouts | Full call number | Barcode | Date last seen | Copy number | Price effective from | Koha item type |
|---|---|---|---|---|---|---|---|---|---|---|---|---|---|---|---|
| Dewey Decimal Classification | London | London | Journal article | 09/06/2006 | L133792 | 133792-1001 | 06/08/2019 | 1 | 06/08/2019 | Journal article |